|
|
|
|
| LEADER |
00000nam0a2200000 4500 |
| 001 |
186227 |
| 005 |
20231101223952.0 |
| 010 |
|
|
|a 9785811411566
|
| 035 |
|
|
|a (RuTPU)RU\TPU\book\202053
|
| 090 |
|
|
|a 186227
|
| 100 |
|
|
|a 20101026d2011 m y0rusy50 ca
|
| 101 |
0 |
|
|a rus
|
| 102 |
|
|
|a RU
|
| 105 |
|
|
|a a j 001zy
|
| 200 |
1 |
|
|a Теория и преобразование сигналов в оптических системах
|e учебное пособие
|f Ю. Н. Дубнищев
|
| 205 |
|
|
|a 4-е изд., испр. и доп.
|
| 210 |
|
|
|a СПб.
|c Лань
|d 2011
|
| 215 |
|
|
|a 365 с.
|c ил.
|
| 225 |
1 |
|
|a Учебники для вузов. Специальная литература
|
| 320 |
|
|
|a Библиогр.: с. 359.
|
| 320 |
|
|
|a Предметный указатель: с. 360-362.
|
| 330 |
|
|
|a Излагаются сведения по теории сигналов и их спектральным представлениям с физическим обоснованием применения к линейным оптическим системам. Описываются распространение и трансформация оптических сигналов в свободном пространстве, даются основы фурье-оптики, свойства гауссовых пучков, понятие о дуальности оптических систем. Рассматриваются преобразование Ганкеля, преобразования сигналов с ограниченным спектром, случайных сигналов, дискретные преобразования оптических сигналов, теорема Котельникова в координатном и частотном пространствах, принцип неопределенности. Случайные сигналы описываются в рамках корреляционной теории. Вводятся понятия функции когерентности, оптической передаточной функции, когерентного и некогерентного импульсного отклика. Излагаются основы акустооптического преобразования световых полей и методов оптической фильтрации сигналов. Дается понятие о вейвлет-преобразовании в оптике. Учебное пособие предназначено для студентов, магистрантов и аспирантов соответствующих специальностей, а также для всех, кто интересуется оптическими методами обработки информации и их приложениями в науке и технике.
|
| 606 |
1 |
|
|a Оптические сигналы
|2 stltpush
|3 (RuTPU)RU\TPU\subj\64468
|9 81362
|
| 610 |
1 |
|
|a оптические системы
|
| 610 |
1 |
|
|a оптика
|
| 610 |
1 |
|
|a линейные системы
|
| 610 |
1 |
|
|a преобразования Ганкеля-Теплица
|
| 610 |
1 |
|
|a случайные сигналы
|
| 610 |
1 |
|
|a оптическая фильтрация
|
| 610 |
1 |
|
|a частотно-координатное преобразование
|
| 610 |
1 |
|
|a учебные пособия
|
| 675 |
|
|
|a 535.317(075.8)
|v 3
|
| 700 |
|
1 |
|a Дубнищев
|b Ю. Н.
|g Юрий Николаевич
|
| 801 |
|
1 |
|a RU
|b 63413507
|c 20101026
|
| 801 |
|
2 |
|a RU
|b 63413507
|c 20150514
|g RCR
|
| 900 |
|
|
|a Преобразование измерительных сигналов
|
| 900 |
|
|
|a Цифровая обработка сигналов
|
| 942 |
|
|
|c BK
|
| 951 |
|
|
|b 200100
|b 200400
|b 200700
|
| 959 |
|
|
|a 73/20101021
|d 5
|e 0
|f АНЛ:1
|f ЧЗТЛ:1
|f УФ:3
|
| 959 |
|
|
|a 29/20110303
|d 5
|e 0
|f АНЛ:1
|f ЧЗТЛ:1
|f УФ:3
|
| 959 |
|
|
|a 66/20110708
|d 5
|e 570,02
|f ЧЗТЛ:1
|f АНЛ:1
|f УФ:3
|